00485nam a2200193 a 4500001001300000003000900013005001700022008004100039020000900080082001700089100001900106245004500125260002600170300000900196500003500205505001000240650002200250700001900272nice12345678IN_TiNIC20260116015252.0050524s1985 dela grp 000 0 eng  ac1700a297.63bABD9 aAbdur Rawoof,  aProphet Muhammad`s Guidance for Children aDelhibTaj Co.,c1985 a147p aincludes index and biblioraphy2 aIndex aMuhammad, Prophet1 aAbdur Rawoof,